000 01125nam a2200289 i 4500
001 77938
003 ES-MaACL
005 20250913121954.0
007 t|
008 041115s1989 sp |||| | spa d
020 _a84-7684-176-0
080 _a946.0"18/19"(063)
080 _a327(460)"18/19"(063)
245 0 4 _aLas relaciones internacionales en la España contemporánea /
_cL. Alvarez Gutiérrez ... [et al.] ; Juan Bta. Vilar (ed.) ; presentación de José Mª. Jover Zamora.
260 _aMurcia :
_bUniversidad, Servicio de Publicaciones,
_c1989.
300 _a348 p. ;
_c23 cm.
651 4 _aEspaña-
_xPolítica exterior-
_yS.XIX.
_98428
651 4 _aEspaña-
_xPolítica exterior-
_yS.XX.
_98429
651 7 _aEspaña-
_xHistoria-
_yS.XIX
_2
_9142005
651 4 _aEspaña-
_xHistoria-
_yS.XX.
_9138832
700 1 _aAlvarez Gutiérrez, L.
_920836
700 1 _aVilar, Juan Bautista,
_d1941-2018
_9114797
700 1 _aJover Zamora, José María,
_d1920-2006
_967068
710 2 _aUniversidad de Murcia.
_bSecretariado de Publicaciones.
_97248
852 _aES-MaACL
_jL-28462
999 _c77938
_d77938